Obscure Knowledge - African Capitals Quiz Stats

 Plays Quiz Updated May 24, 2019

Score 0/54 Timer 02:00
14 Plays Today
Percent Guessed Capital % Correct
93.3%???
100%
91.1%???
96.9%
90.4%???
96.4%
89.1%???
96%
88.7%???
93%
87.7%???
90.6%
87.6%???
89.2%
86.7%???
88.8%
84.0%???
88.3%
83.1%???
87.1%
82.2%???
83.2%
81.8%???
82.4%
79.2%???
81.3%
79.1%???
80.8%
78.0%???
79.8%
77.5%???
79.1%
76.8%???
78.3%
75.6%???
75.8%
74.1%???
73.7%
74.0%???
72.8%
73.8%???
71.9%
73.2%???
70.1%
71.7%???
69%
71.3%???
68%
69.8%???
67.3%
69.7%???
66%
69.5%???
65.1%
Percent Guessed Capital % Correct
69.0%???
64.4%
68.6%???
63.1%
68.4%???
61.6%
68.2%???
59.3%
67.4%???
57.1%
65.5%???
56.3%
65.4%???
55.5%
65.2%???
49.9%
64.2%???
46.9%
64.0%???
45.7%
63.2%???
44.8%
62.6%???
44.1%
61.7%???
40.1%
61.3%???
39.1%
60.5%???
38.5%
60.3%???
34.3%
60.1%???
32.2%
59.8%???
30%
59.4%???
28.9%
59.0%???
27%
58.8%???
25.9%
58.4%???
23.6%
57.1%???
22.4%
57.0%???
18.8%
52.8%???
15%
52.6%???
11.6%
51.6%???
6.8%

You're not logged in!

Compare scores with friends on all Sporcle quizzes.
OR
Log In

Sporcle TV

Today on Sporcle TV


Watch our educational content, quiz creation guides, and fun videos on Sporcle TV.

Show Comments

Extras

Top Quizzes Today


Score Distribution

Your Account Isn't Verified!

In order to create a playlist on Sporcle, you need to verify the email address you used during registration. Go to your Sporcle Settings to finish the process.

Report this User

Report this user for behavior that violates our Community Guidelines.

Details: